[Event "FRA-ch Blitz Online Qual"]
[Site "Europe Echecs INT"]
[Date "2020.05.16"]
[Round "14"]
[White "Delin, Valere"]
[Black "Villevieille, Lucas"]
[Result "1-0"]
[WhiteElo "2043"]
[BlackElo "1713"]
[PlyCount "55"]
[EventDate "2020.05.16"]
[EventType "swiss (blitz)"]
[EventRounds "15"]
[EventCountry "FRA"]
[SourceTitle "CBM 196 Extra"]
[Source "ChessBase"]
[SourceDate "2020.07.31"]
[SourceVersion "1"]
[SourceVersionDate "2020.07.31"]
[SourceQuality "1"]

1. e4 c5 2. Nf3 d6 3. d4 cxd4 4. Nxd4 Nf6 5. Nc3 a6 6. Bg5 e6 7. f4 Qb6 8. Qd2 Qxb2 9. Rb1 Qa3 10. Be2 Be7 11. 0-0 0-0 12. Kh1 Nc6 13. Nxc6 bxc6 14. e5 Nd5 15. Nxd5 Bxg5 16. Nb6 dxe5 17. fxg5 Rb8 18. Nc4 Rxb1 19. Nxa3 Rb2 20. Nc4 Rxa2 21. Nxe5 c5 22. Bd3 Ra3 23. Qe2 g6 24. h4 Bb7 25. h5 Ra4 26. Qf2 Rd4 27. h6 Rd5 28. Qf6 1-0

[Event "FRA-ch Blitz Online Qual"]
[Site "Europe Echecs INT"]
[Date "2020.05.16"]
[Round "6"]
[White "Lebrun, Leo"]
[Black "Villevieille, Lucas"]
[Result "0-1"]
[WhiteElo "1441"]
[BlackElo "1713"]
[PlyCount "118"]
[EventDate "2020.05.16"]
[EventType "swiss (blitz)"]
[EventRounds "15"]
[EventCountry "FRA"]
[SourceTitle "CBM 196 Extra"]
[Source "ChessBase"]
[SourceDate "2020.07.31"]
[SourceVersion "1"]
[SourceVersionDate "2020.07.31"]
[SourceQuality "1"]

1. e4 c5 2. Nf3 d6 3. d4 cxd4 4. Nxd4 Nf6 5. Nc3 a6 6. Be3 g6 7. f3 Bg7 8. Qd2 e5 9. Nb3 Be6 10. Bh6 0-0 11. Bxg7 Kxg7 12. h4 d5 13. 0-0-0 d4 14. g4 Nc6 15. Nb1 a5 16. h5 Nb4 17. Re1 Nxa2+ 18. Kd1 Rh8 19. hxg6 fxg6 20. Qh6+ Kf7 21. Nc5 Qb6 22. Nxe6 Qxe6 23. Na3 Rac8 24. g5 Nd7 25. Re2 Nb4 26. Reh2 Nf8 27. Qh3 Qc6 28. Bc4+ Kg7 29. Qe6 Qxe6 30. Bxe6 Nxe6 31. Rh6 Nxg5 32. R6h2 Nxf3 33. Rf2 Ng5 34. Rg1 Ne6 35. Kd2 Rhf8 36. Rgf1 Rxf2+ 37. Rxf2 Rf8 38. Rxf8 Kxf8 39. Nb5 g5 40. Nd6 b6 41. Nc8 b5 42. Nd6 Nc7 43. c3 Nc6 44. cxd4 exd4 45. Kd3 h5 46. Ke2 g4 47. Kf2 h4 48. Nf5 h3 49. Kg3 d3 50. Nh6 d2 51. Nxg4 d1Q 52. e5 Qd3+ 53. Kh4 Qh7+ 54. Kg3 h2 55. Nxh2 Nxe5 56. b4 Nd5 57. bxa5 Qd3+ 58. Nf3 Qxf3+ 59. Kh4 Qg4# 0-1

[Event "FRA-ch Blitz Online Qual"]
[Site "Europe Echecs INT"]
[Date "2020.05.16"]
[Round "13"]
[White "Villevieille, Lucas"]
[Black "Blanchard, Samuel"]
[Result "1-0"]
[WhiteElo "1713"]
[BlackElo "1921"]
[PlyCount "77"]
[EventDate "2020.05.16"]
[EventType "swiss (blitz)"]
[EventRounds "15"]
[EventCountry "FRA"]
[SourceTitle "CBM 196 Extra"]
[Source "ChessBase"]
[SourceDate "2020.07.31"]
[SourceVersion "1"]
[SourceVersionDate "2020.07.31"]
[SourceQuality "1"]

1. d4 f5 2. c4 Nf6 3. Nc3 e6 4. Bg5 Bb4 5. Bxf6 Qxf6 6. f3 Bxc3+ 7. bxc3 0-0 8. e3 c5 9. Bd3 Nc6 10. Ne2 b6 11. 0-0 Bb7 12. d5 Ne5 13. e4 Rad8 14. Ng3 f4 15. Ne2 Ba6 16. Rc1 g5 17. Qd2 Rf7 18. Kh1 Rg7 19. Ng1 h6 20. Be2 Bxc4 21. Bxc4 Nxc4 22. Qe2 Ne5 23. Nh3 c4 24. Nf2 d6 25. dxe6 Qxe6 26. Rcd1 Re7 27. Rd5 Kg7 28. Rfd1 h5 29. h3 Kh6 30. Qf1 a6 31. Qe2 b5 32. Kh2 Rg7 33. Qf1 Rg6 34. a3 g4 35. fxg4 hxg4 36. hxg4 Nxg4+ 37. Kg1 Ne3 38. Qe2 Rxg2+ 39. Kh1 1-0

[Event "FRA-ch Blitz Online Qual"]
[Site "Europe Echecs INT"]
[Date "2020.05.16"]
[Round "9"]
[White "Villevieille, Lucas"]
[Black "Henry, Tony"]
[Result "0-1"]
[WhiteElo "1713"]
[BlackElo "1979"]
[PlyCount "48"]
[EventDate "2020.05.16"]
[EventType "swiss (blitz)"]
[EventRounds "15"]
[EventCountry "FRA"]
[SourceTitle "CBM 196 Extra"]
[Source "ChessBase"]
[SourceDate "2020.07.31"]
[SourceVersion "1"]
[SourceVersionDate "2020.07.31"]
[SourceQuality "1"]

1. d4 Nf6 2. c4 c5 3. d5 e6 4. Nc3 exd5 5. Nxd5 d6 6. b3 g6 7. Bb2 Bg7 8. e3 0-0 9. Nf3 Be6 10. Nxf6+ Bxf6 11. Bxf6 Qxf6 12. Bd3 d5 13. cxd5 Bxd5 14. 0-0 Nc6 15. Rc1 b6 16. Bb5 Rad8 17. Qe2 Ne5 18. Nxe5 Qxe5 19. Rfd1 Bb7 20. Rd3 a6 21. Rxd8 Rxd8 22. Bd3 Qd5 23. Qf3 Qxd3 24. Qxb7 Qd1+ 0-1